000 00890nam a2200265 i 4500
001 25704
003 ES-MaACL
005 20250808004241.0
007 t|
008 030102s1961 sp f |||| | spa d
080 _a338(100)(04)
080 _a338.98(100)(04)
100 1 _aArdant, Gabriel.
_922525
245 1 0 _aHombres sin trabajo
_b: tierras por trabajar /
_cGabriel Ardant ; [traducido por Antonio Jutglar].
246 3 3 _iTrad. de
_aLe monde en friche
260 _aBarcelona :
_bNova Terra,
_c[1961]
300 _a382 p., 6 lám. ;
_c22 cm.
490 1 _aEl mundo y los hombres
650 4 _aDesarrollo económico-
_zPaíses en desarrollo.
_9161758
651 4 _aPaíses en desarrollo-
_xSituación económica.
_99186
700 1 _aJutglar, Antoni.
_967368
830 0 3 _aEl mundo y los hombres
_9181466
852 _aES-MaACL
_jC-21175
999 _c25704
_d25704